Endangered and extinct: (Record no. 114539)
[ view plain ]
| 000 -LEADER | |
|---|---|
| fixed length control field | 00458nam a2200169 a 4500 |
| 005 - DATE AND TIME OF LATEST TRANSACTION | |
| control field | 20140414132104.0 |
| 008 - FIXED-LENGTH DATA ELEMENTS--GENERAL INFORMATION | |
| fixed length control field | 100731s19uu xx 00 eng d |
| 020 ## - INTERNATIONAL STANDARD BOOK NUMBER | |
| International Standard Book Number | 9831870468 |
| 050 ## - LIBRARY OF CONGRESS CALL NUMBER | |
| Classification number | M 574.5 |
| Item number | St1 2003 |
| 100 ## - MAIN ENTRY--PERSONAL NAME | |
| Personal name | St. Clare, Geraldine |
| 245 ## - TITLE STATEMENT | |
| Title | Endangered and extinct: |
| Remainder of title | animal species. |
| 260 ## - PUBLICATION, DISTRIBUTION, ETC. (IMPRINT) | |
| Place of publication, distribution, etc | Malaysia : |
| Name of publisher, distributor, etc | Rhytm Distributor, |
| Date of publication, distribution, etc | 2003. |
| 300 ## - PHYSICAL DESCRIPTION | |
| Extent | 32 |
| 650 ## - SUBJECT ADDED ENTRY--TOPICAL TERM | |
| Topical term or geographic name as entry element | Animal- |
| General subdivision | endangered |
| 650 ## - SUBJECT ADDED ENTRY--TOPICAL TERM | |
| Topical term or geographic name as entry element | Animal- |
| General subdivision | species |
| Withdrawn status | Lost status | Damaged status | Home library | Current library | Shelving location | Date acquired | Source of acquisition | Total Checkouts | Full call number | Barcode | Date last seen | Price effective from | Koha item type |
|---|---|---|---|---|---|---|---|---|---|---|---|---|---|
| Munich Library | Munich Library | Main Section | 07/31/2010 | M 574.5 St1 2003 | M6390 | 04/14/2014 | 04/14/2014 | Books |